000 01251nam a2200361Ia 4500
001 dia_5952
003 CHAP
005 20230411112522.0
008 220117s2012 xx 000 0 und d
010 _a177085
020 _a978-607-11-2387-9 (v. 1) \ 978-607-11-2440-1 (v. 2) \ 978-607-11-2831-7 (v. 3)
040 _cCHAP
082 _a808.8393538 M55 A34 2012
100 _aMiller, Raine
_9160147
245 _aEl affaire Blackstone /
_c Raine Miller ; traducción Cora Tiedra
260 _aMéxico :
_b Santillana,
_c2012
300 _a3 v.
440 _aSuma de letras
_9160148
500 _aTítulo original: The Blackstone affaire
505 _av.Desnuda \ v.2. Todo o nada \ v.3. Sorprendida
590 _aPS3613.I547 A34 2012
650 _aAmerican literature
_x21st century
_9153959
650 _aFiction
_9152751
650 _aLiteratura norteamericana
_xSiglo XXI
_9160149
650 _aMan
_xwoman relationships
_xFiction
_9160150
650 _aNovela
_982011
650 _aRelaciones hombre
_xmujer
_xNovela
_9160151
700 _aTiedra, Cora, tr.
_9160152
901 _a808.8393538 M55 A34 2012
902 _aM
905 _a5222272012 mx x 9222223332spa16
942 _cLIBRO
_2ddc
999 _c177085
_d177085